Liga Europy 25/26 - Statystyki

Ogólne statystyki
  • Ten quiz został rozwiązany 85 razy
  • Średni wynik to 22 z 36
Statystyki odpowiedzi
Kraj Klub % Poprawnych
Włochy AS Roma
86%
Anglia Aston Villa
78%
Portugalia Porto
78%
Szkocja Celtic
76%
Szkocja Rangers
76%
Anglia Nottingham Forest
75%
Węgry Ferencvaros
73%
Francja Olympique Lyon
73%
Holandia Feyenoord
71%
Serbia Crvena Zvezda
69%
Portugalia Braga
68%
Grecja Panathinaikos
68%
Włochy Bolonia
66%
Szwajcaria Basel
64%
Grecja PAOK
64%
Austria Red Bull Salzburg
64%
Chorwacja Dinamo Zagrzeb
63%
Turcja Fenerbahce
63%
Hiszpania Real Betis
63%
Szwajcaria Young Boys
63%
Francja Lille
61%
Niemcy Freiburg
59%
Francja OGC Nice
56%
Rumunia FCSB
54%
Szwecja Malmo
54%
Czechy Viktoria Pilzno
53%
Norwegia Brann
51%
Belgia Genk
49%
Austria Sturm Graz
49%
Hiszpania Celta Vigo
47%
Holandia Utrecht
46%
Niemcy Stuttgart
41%
Holandia Go Ahead Eagles
37%
Dania Midtjylland
37%
Bułgaria Ludogorets
27%
Izrael Maccabi Tel Awiw
27%
Nie znaleziono quizów pasujących do podanych kryteriów
Rozkład punktacji
Procent ludzi z każdym wynikiem
Percentyl według liczby udzielonych odpowiedzi
Twoja historia wyników
Nie rozwiązałeś tego quizu